007280000a22002170004500090001300000100004700013700003100060245010900091044001300200690002600213690002300239690002100262651002700283653001600310653001700326653001900343653001300362942001300375773010500388999001700493 aSERIADAS1 aGonzález Montaña, Luis Antonio91007031 aAndrade C., Gonzalo92234910aDiversidad y biogeografía preliminar de las mariposas saltarinas (Lepidoptera: Hesperidae) de Colombia aColombia aBiogeografía992747 aInventarios992201 aMariposas993025 4lRegión andina992749 fHesperiinae fPyrrhopygini fHeteropterinae fPyrginae cARTICULO1 tRevista de la Academia Colombiana de Ciencias Exactas, Físicas y Naturalesh124q421-433d2008g32 c16375d16375